| 000 | 01751cam a2200385 a 4500 | ||
|---|---|---|---|
| 999 |
_c13683 _d13683 |
||
| 001 | 4450139 | ||
| 003 | ARRUPE | ||
| 005 | 20170601115705.0 | ||
| 008 | 950124s1995 nhu b 101 0 eng | ||
| 010 | _a 95004003 | ||
| 020 | _a0435089749 (Heinemann) | ||
| 020 | _a0435089722 (Heinemann : pbk.) | ||
| 020 | _a0852556594 (J. Currey) | ||
| 020 | _a0852556098 (J. Currey : pbk.) | ||
| 040 |
_aDLC _cDLC _dDLC |
||
| 043 | _af-rh--- | ||
| 050 | 0 | 0 |
_aDT2988 _b.S65 1995a |
| 082 | 0 | 0 |
_a968.91/04 _220 |
| 245 | 0 | 0 |
_aSoldiers in Zimbabwe's liberation war / _cedited by Ngwabi Bhebe, Terence Ranger. |
| 260 |
_aLondon : _bJ. Currey ; _aPortsmouth, N.H. : _bHeinemann, _c1995. |
||
| 300 |
_axi, 211 p. ; _c24 cm. |
||
| 500 | _aChiefly papers presented at the International Conference on the Zimbabwe Liberation War held at the University of Zimbabwe in Harare, July 8-12, 1991. | ||
| 504 | _aIncludes bibliographical references (p. 199-202) and index. | ||
| 650 | 0 |
_aNational liberation movements _zZimbabwe _vCongresses. _931909 |
|
| 650 | 0 |
_aGuerrillas _zZimbabwe _vCongresses. _931910 |
|
| 651 | 0 |
_aZimbabwe _xHistory _yChimurenga War, 1966-1980 _vCongresses. _931911 |
|
| 651 | 0 |
_aZimbabwe _xPolitics and government _y1965-1979 _vCongresses. _931912 |
|
| 700 | 1 |
_aBhebe, Ngwabi. _916865 |
|
| 700 | 1 |
_aRanger, T. O. _931913 |
|
| 711 | 2 |
_aInternational Conference on the Zimbabwe Liberation War _d(1991 : _cUniversity of Zimbabwe) _931914 |
|
| 906 |
_a7 _bcbc _corignew _d1 _eocip _f19 _gy-gencatlg |
||
| 942 |
_2lcc _cMONOGRAPH |
||